Spoznaj Európsky parlament
Gespeichert in:
| Format: | Buch |
|---|---|
| Sprache: | Slowakisch |
| Veröffentlicht: |
Bratislava
Informačná kancelária Európskeho parlamentu na Slovensku
2007
|
| Schlagworte: | |
| Tags: |
Keine Tags, Fügen Sie das erste Tag hinzu!
|
MARC
| LEADER | 00000nam$a2200000$$$4500 | ||
|---|---|---|---|
| 001 | 0107751 | ||
| 005 | 20240318125850.3 | ||
| 020 | |a 978-80-969241-2-7 | ||
| 041 | 0 | |a slo | |
| 044 | |a SK | ||
| 245 | 1 | 0 | |a Spoznaj Európsky parlament |
| 264 | 1 | |a Bratislava |b Informačná kancelária Európskeho parlamentu na Slovensku |c 2007 | |
| 300 | |a 168 s. | ||
| 610 | 2 | 0 | |a Európsky parlament |
| 610 | 2 | 0 | |a Európska únia |
| 610 | 2 | 0 | |a politika |
| 610 | 2 | 0 | |a politika bezpečnostná |
| 610 | 2 | 0 | |a politika poľnohospodárska |
| 610 | 2 | 0 | |a politika zahraničná |
| 610 | 2 | 0 | |a poslanci |